Sobre el amor humano
Gorde:
| Egile nagusia: | |
|---|---|
| Formatua: | Liburua |
| Hizkuntza: | gaztelania |
| Argitaratua: |
Madrid
Rialp
1953
|
| Saila: | Colección Patmos, Libros de Espiritualidad, 17
|
| Gaiak: | |
| Etiketak: |
Etiketa erantsi
Etiketarik gabe, Izan zaitez lehena erregistro honi etiketa jartzen!
|
MARC
| LEADER | 00000nam a2200000 a 4500 | ||
|---|---|---|---|
| 001 | UCL3448 | ||
| 003 | CL-VaPUC | ||
| 008 | 031128e19530000SP |||||||||||||||||spa|d | ||
| 082 | 0 | 4 | |a 248.4 |b THI |2 21 |
| 100 | 0 | |a Thibon, Gustave |e author |9 480727 | |
| 245 | 1 | 0 | |a Sobre el amor humano |
| 300 | |a 200 p | ||
| 942 | |c BK | ||
| 945 | |d 20031128 00:00:00 |a vberengu | ||
| 260 | |a Madrid |b Rialp |c 1953 | ||
| 650 | 0 | |a Amor |9 257817 | |
| 650 | 7 | |a MATRIMONIO |2 CL-VaPUC |9 480728 | |
| 650 | 0 | |a Vida cristiana |9 258753 | |
| 583 | |a last modification |c 20031128 00:00:00 |k Rodrigo Vera | ||
| 490 | 0 | |a Colección Patmos, Libros de Espiritualidad, 17 | |
| 999 | |c 306486 |d 306484 | ||
| 952 | |0 0 |1 0 |4 0 |6 248_400000000000000_THI_1953 |7 0 |8 A |9 371513 |a BIBTEO |b BIBTEO |d 2019-11-21 |i 2095955 |o 248.4 THI 1953 |p 2095955 |r 2025-01-17 |w 2019-11-21 |y BK |k ICR | ||